| Tag |
First Indicator |
Second Indicator |
Subfields |
| LEADER |
00000nem a2200000Ia 4500 |
| 001 |
in00004201848 |
| 005 |
20200806090724.0 |
| 006 |
m g d |
| 007 |
cr bn |||a|bb| |
| 008 |
080501s17uu xx o a a 0 eng d |
| 040 |
|
|
|a UMI
|e dcrb
|c UMI
|d UMI
|
| 035 |
|
|
|a (OCoLC)226857403
|
| 037 |
|
|
|a CL2105000002
|b ProQuest Information and Learning, 789 E. Eisenhower Parkway, Ann Arbor, MI 48108-3218
|
| 043 |
|
|
|a e------
|
| 090 |
|
|
|a G9112
|b N6P5
|
| 049 |
|
|
|a UMIA
|
| 245 |
0 |
0 |
|a [Map of the North Sea, the eastern coasts of Great Britain, and western coasts of continental Europe from Rotterdam to Bergen]
|
| 260 |
|
|
|a [S.l. :
|b publisher not identified,
|c 17--?.].
|
| 300 |
|
|
|a 1 online resource (1 sheet ([1] pages).
|
| 336 |
|
|
|a cartographic data
|b crd
|2 rdacontent
|
| 337 |
|
|
|a computer
|b c
|2 rdamedia
|
| 338 |
|
|
|a online resource
|b cr
|2 rdacarrier
|
| 500 |
|
|
|a Reproduction of original in: British Library.
|
| 510 |
4 |
|
|a Early English books tract supplement interim guide ;
|c E4:2[256].
|
| 533 |
|
|
|a Electronic reproduction.
|b Ann Arbor, Mich. :
|c UMI,
|d 1999-
|f (Early English books online)
|n Digital version of: (Early English books; Tract supplement ; E4:2[84b, 885])
|7 s1999 miun s
|
| 650 |
|
0 |
|a Nautical charts
|z North Sea
|v Early works to 1800.
|
| 651 |
|
0 |
|a North Sea
|v Maps
|v Early works to 1800..
|
| 830 |
|
0 |
|a Early English books online.
|
| 856 |
4 |
0 |
|u http://proxy.library.tamu.edu/login?url=https://search.proquest.com/docview/2248535330
|z Connect to the full text of this electronic book
|t 0
|
| 856 |
4 |
0 |
|u http://proxy.library.tamu.edu/login?url=https://search.proquest.com/docview/2264202567
|z Connect to the full text of this electronic book
|t 0
|
| 994 |
|
|
|a 02
|b UMI
|
| 999 |
f |
f |
|s e93647b0-055e-3903-aef8-6045f6d1892a
|i 81fc2568-8786-3aef-adaf-8df6bda5fe22
|t 0
|
| 952 |
f |
f |
|a Texas A&M University
|b College Station
|c Electronic Resources
|d Available Online
|t 0
|e G9112 N6P5
|h Library of Congress classification
|
| 998 |
f |
f |
|a G9112 N6P5
|t 0
|l Available Online
|